000 00691nam a2200253 i 4500
001 C2-0316258
003 PPAK
005 20180728112226.0
008 120722s2011 si a|||| ||||| | eng d
020 _a9789812753106
040 _aPPAK
_beng
_cPPAK
_erda
082 0 4 _a641.8653
_223
090 0 0 _a641.8653
_bPER
_dR
245 0 0 _aPerfect cakes
264 1 _aSingapore :
_bPage One Publishing ,
_c2011
300 _a256 pages ; 256 pages :
_bcolour illustrations ;
_c19 cm
336 _2rdacontent
_atext
337 _2rdamedia
_aunmediated
338 _2rdacarrier
_avolume
490 1 _athe complete series
650 1 0 _aCake.
830 0 _athe complete series
942 _ddc
_cB
999 _c117398
_d117398